000
00320nam a2200121Ia 4500
008
240624s9999 xx 000 0 und d
041
_a
eng
082
_a
658.4 MIL
100
_a
MILES RAYMOND E
245
_a
ORGANIZATIONAL STRATEGY STRUCTURE AND PR
260
_c
2003
_a
California
_b
Stanford Business Books
365
_c
RS
999
_c
27679
_d
27679